[Event "Sautron op 13th"]
[Site "Sautron"]
[Date "2013.11.01"]
[Round "8"]
[White "Nguyen, Chi Minh"]
[Black "Kasparov, Sergey"]
[Result "1/2-1/2"]
[WhiteElo "2389"]
[BlackElo "2480"]
[Annotator "RR"]
[PlyCount "181"]
[EventDate "2013.10.26"]
[EventType "swiss"]
[EventRounds "9"]
[EventCountry "FRA"]
[SourceTitle "EXT 2016"]
[Source "ChessBase"]
[SourceDate "2015.10.08"]
[SourceVersion "1"]
[SourceVersionDate "2015.10.08"]
[SourceQuality "1"]
[TimeControl "40/5400+30:1800+30"]
[WhiteClock "1:30:00"]
[BlackClock "1:30:00"]

1. d4 {[%emt 0:00:00]} d5 {[%emt 0:00:00]} 2. Nf3 {[%emt 0:00:12]} Nf6 {
[%emt 0:00:14]} 3. c4 {[%emt 0:00:07]} c6 {[%emt 0:00:04]} 4. Nc3 {[%emt 0:00:
47]} a6 {[%emt 0:00:10]} 5. e3 {[%emt 0:00:36]} (5. c5) 5... b5 {[%emt 0:00:26]
} 6. c5 {[%emt 0:00:26]} (6. b3 Bf5 7. Bd3 Bxd3 8. Qxd3 e6 9. O-O Be7 10. e4
dxe4 11. Nxe4 Nbd7 12. Bf4 O-O 13. Rfd1 Qa5 14. Nxf6+ Bxf6 15. Bd6 Rfd8 16. c5
Nf8 17. Ne5 Bxe5 18. dxe5 Ng6 19. Qe4 Rac8 20. h4 Rd7 21. h5 Ne7 22. h6 gxh6
23. Bxe7 Rxe7 24. Rd3 Qc7 25. Rad1 Rf8 26. Rg3+ Kh8 27. Rd6 f6 28. exf6 Rxf6
29. Qd4 {1-0 (29) Bacrot,E (2730)-Ivanchuk,V (2733) Cap d'Agde 2013}) 6... Nbd7
{[%emt 0:01:04]} 7. a3 {[%emt 0:01:49]} (7. b4) 7... g6 {[%emt 0:03:22]} 8. b4
{[%emt 0:00:52]} a5 {[%emt 0:04:01]} 9. Bb2 {[%emt 0:03:33]} Bg7 {[%emt 0:02:
22]} 10. Be2 {[%emt 0:06:31]} Qc7 {[%emt 0:04:37]} 11. O-O $146 {[%emt 0:08:44]
} (11. Nd2 e5 12. Nb3 a4 13. Na5 Rb8 14. g4 exd4 15. exd4 O-O 16. g5 Nh5 17.
Bxh5 gxh5 18. Qd2 Re8+ 19. Kf1 Nf8 20. h3 Bf5 21. Re1 Qd7 22. Re3 Ne6 23. Nd1
h4 24. f3 h6 25. gxh6 Bxh6 26. Qg2+ Kh7 27. Qf2 Nf4 28. Qxh4 Bc2 29. Bc1 Bxd1
30. Rxe8 Qxe8 31. Rh2 Be2+ 32. Kg1 Qg8+ 33. Kf2 Nd3+ 34. Kxe2 Nxc1+ 35. Kf1 Qg6
36. Rg2 Qd3+ 37. Kg1 Ne2+ 38. Kh2 Nxd4 {0-1 (38) Yashtylov,A (2414)-Alavkin,A 
(2476) Cheliabinsk 2005}) 11... O-O {[%emt 0:01:47]} 12. Qb3 {[%emt 0:16:23]}
a4 {[%emt 0:09:02] Les blancs vont garder un bon avantage d'espace après cet
échange} 13. Qa2 {[%emt 0:00:07]} Rb8 {[%emt 0:04:54]} 14. Rad1 {[%emt 0:02:
23]} Ne4 {[%emt 0:15:45]} 15. Bd3 {[%emt 0:09:02]} Nxc3 {[%emt 0:07:59]} (15...
f5 16. Nxd5 $5 cxd5 17. Bxe4 fxe4 18. Qxd5+ Kh8 19. Ng5 {[%cal Gg5f7]} (19.
Qxe4) 19... Nf6 20. Nf7+ Rxf7 21. Qxf7) 16. Bxc3 {[%emt 0:00:06]} Nf6 {[%emt 0:
00:47]} 17. Ne5 {[%emt 0:05:43][%csl Ge5]} Ng4 $1 {[%emt 0:07:00][%csl Rh2]}
18. Nxg4 {[%emt 0:01:10]} Bxg4 {[%emt 0:00:44]} 19. f3 {[%emt 0:01:57]} Bd7 {
[%emt 0:02:31]} 20. Qb2 {[%emt 0:06:40]} (20. e4) 20... Rbd8 {[%emt 0:03:11]}
21. Be1 {[%emt 0:01:00][%cal Ge1g3]} Qc8 {[%emt 0:02:55]} (21... e5 22. Bg3
Rfe8) 22. Bh4 {[%emt 0:02:13]} Rfe8 {[%emt 0:02:28]} 23. Rfe1 {[%emt 0:02:54]}
Bf5 {[%emt 0:03:33]} 24. Bf1 {[%emt 0:03:45]} Qd7 {[%emt 0:01:46]} 25. g4 {
[%emt 0:03:29]} Be6 {[%emt 0:01:34]} 26. h3 {[%emt 0:00:26]} Rf8 {[%emt 0:03:
06]} 27. Qh2 {[%emt 0:03:14]} Rde8 {[%emt 0:03:15]} 28. Bg3 {[%emt 0:04:05]}
Rd8 {[%emt 0:02:27]} 29. Rd2 {[%emt 0:01:53]} Qc8 {[%emt 0:00:51]} 30. Bd3 {
[%emt 0:00:56]} f5 {[%emt 0:05:06]} 31. Rf2 {[%emt 0:05:09]} Rf7 {[%emt 0:01:
56]} 32. Kg2 {[%emt 0:02:33]} Bh6 {[%emt 0:02:51]} 33. Be5 {[%emt 0:02:24]}
Rdf8 {[%emt 0:00:27]} 34. f4 {[%emt 0:02:24]} Bg7 {[%emt 0:00:21]} 35. Bxg7 {
[%emt 0:00:25]} Rxg7 {[%emt 0:00:11]} 36. g5 {[%emt 0:00:16][%csl Re6][%cal
Gh3h4,Gh4h5] Les Blancs ont un progressé mais l'avantage est trés minime} Kf7
$1 {[%emt 0:00:44] Anticipant l'ouvertrure de l'aile-roi} 37. h4 {[%emt 0:00:
45]} Ke8 {[%emt 0:02:03]} 38. h5 {[%emt 0:00:22]} Kd7 {[%emt 0:00:26]} 39. Rh1
{[%emt 0:01:02]} Rfg8 {[%emt 0:00:15]} 40. Kf1 {[%emt 0:00:00]} Qe8 {[%emt 0:
00:00]} 41. Qh3 {[%emt 0:04:02]} Qf8 {[%emt 0:03:51]} 42. Rg2 {[%emt 0:04:48]}
Qb8 {[%emt 0:01:24]} 43. Qf3 {[%emt 0:01:13]} Rf8 {[%emt 0:01:30]} 44. Ke1 {
[%emt 0:00:56]} (44. Rgh2) 44... Rfg8 {[%emt 0:00:32]} 45. Qe2 {[%emt 0:00:36]}
Kc7 {[%emt 0:02:05]} 46. Rhh2 {[%emt 0:01:11]} Bd7 {[%emt 0:00:27]} 47. Rg3 {
[%emt 0:00:15]} Qe8 {[%emt 0:00:31]} 48. hxg6 {[%emt 0:01:35] Enfin!} hxg6 {
[%emt 0:00:29]} 49. Rgh3 {[%emt 0:00:05]} Qf8 {[%emt 0:00:27]} 50. Qf3 {
[%emt 0:00:15]} Qf7 {[%emt 0:00:28]} 51. Qh1 {[%emt 0:00:59]} (51. Rh8 $6 Rxh8
52. Rxh8 Rh7 $11) 51... Qe6 {[%emt 0:00:17]} 52. Kd2 {[%emt 0:00:13]} Qf7 {
[%emt 0:00:10]} 53. Bc2 {[%emt 0:01:04]} (53. Rh6) 53... Qf8 {[%emt 0:01:21]}
54. Qd1 {[%emt 0:00:16]} Qa8 {[%emt 0:00:17]} 55. Rh6 {[%emt 0:00:16]} Qf8 {
[%emt 0:00:58]} 56. Kc1 {[%emt 0:00:17]} Qa8 {[%emt 0:00:24]} 57. Kb2 {[%emt 0:
00:17]} Be6 {[%emt 0:00:28]} 58. Bd3 {[%emt 0:01:08]} Bd7 {[%emt 0:00:48]} 59.
R6h3 {[%emt 0:00:12]} Qb8 {[%emt 0:00:14]} 60. Qh1 {[%emt 0:00:06]} Qe8 {
[%emt 0:01:07]} 61. Rh7 {[%emt 0:04:14]} Qf7 {[%emt 0:00:56]} 62. R7h6 {
[%emt 0:01:10]} Qe6 {[%emt 0:00:48]} 63. Qc1 {[%emt 0:00:10]} Qf7 {[%emt 0:00:
48]} 64. R6h3 {[%emt 0:00:25]} Rb8 {[%emt 0:00:39]} 65. Bc2 {[%emt 0:00:12]}
Ra8 {[%emt 0:00:39]} 66. Qf1 {[%emt 0:00:08]} Qg8 {[%emt 0:00:51]} 67. Bd3 {
[%emt 0:01:22]} Rb8 {[%emt 0:00:45]} 68. Qh1 {[%emt 0:00:10]} Qf7 {[%emt 0:00:
22]} 69. Rh6 {[%emt 0:00:48]} Rbg8 {[%emt 0:01:09]} 70. Bc2 {[%emt 0:00:37]}
Ra8 {[%emt 0:00:24]} 71. R2h3 {[%emt 0:00:12]} Rag8 {[%emt 0:00:15]} 72. Qd1 {
[%emt 0:00:11]} Ra8 {[%emt 0:00:21]} 73. Qe2 {[%emt 0:00:10]} Qg8 {[%emt 0:00:
33]} 74. Bb1 {[%emt 0:00:10]} Qf7 {[%emt 0:00:18]} 75. Qh2 {[%emt 0:00:30]} Kb7
{[%emt 0:01:00]} 76. Bc2 {[%emt 0:00:25]} Rag8 {[%emt 0:00:17]} 77. Bd3 {
[%emt 0:00:42]} Qe6 {[%emt 0:00:53]} 78. Qe2 {[%emt 0:01:04]} Kc7 {[%emt 0:00:
17]} 79. Bc2 {[%emt 0:00:05]} Qf7 {[%emt 0:01:25]} 80. Qe1 {[%emt 0:01:38]} Ra8
{[%emt 0:00:49]} 81. Kc1 {[%emt 0:00:08]} Qg8 {[%emt 0:00:18]} 82. Qh1 {
[%emt 0:00:37]} Qf7 {[%emt 0:00:22]} 83. Rh7 {[%emt 0:00:17]} Rag8 {[%emt 0:00:
23]} 84. R7h6 {[%emt 0:00:37]} Ra8 {[%emt 0:00:33]} 85. Qh2 {[%emt 0:00:32]}
Rag8 {[%emt 0:00:55]} 86. Qg1 {[%emt 0:00:17]} Ra8 {[%emt 0:00:12]} 87. Qe1 {
[%emt 0:00:07]} Qg8 {[%emt 0:00:12]} 88. Kb2 {[%emt 0:00:14]} Qf7 {[%emt 0:00:
06]} 89. Rh8 {[%emt 0:00:14]} Rxh8 {[%emt 0:01:28]} 90. Rxh8 {[%emt 0:00:05]}
Rh7 {[%emt 0:01:32]} 91. Rxh7 {[%emt 0:00:03]} 1/2-1/2

[Event "Rohde op 07th"]
[Site "Sautron"]
[Date "2007.11.03"]
[Round "9"]
[White "Govciyan, Pavel"]
[Black "Delorme, Axel"]
[Result "0-1"]
[WhiteElo "2417"]
[BlackElo "2328"]
[Annotator "RR"]
[PlyCount "98"]
[EventDate "2007.10.27"]
[EventType "swiss"]
[EventRounds "9"]
[EventCountry "FRA"]
[SourceTitle "EXT 2008"]
[Source "ChessBase"]
[SourceDate "2007.11.25"]
[SourceVersion "1"]
[SourceVersionDate "2007.11.25"]
[SourceQuality "1"]

1. c4 c6 2. d4 d5 3. Nc3 Nf6 4. Nf3 a6 5. h3 $5 (5. c5) (5. cxd5) (5. a4) (5.
Ne5) (5. Bg5) 5... e6 ({RR} 5... dxc4) 6. e3 ({RR} 6. cxd5 cxd5 7. Bf4 Bd6 8.
e3 O-O 9. Bd3 Nc6 10. O-O b5 11. Bg5 h6 12. Bxf6 Qxf6 13. Rc1 Bb7 14. Bb1 Qe7
15. Ne2 Rfc8 16. Nf4 g6 17. Qd2 Kg7 18. e4 dxe4 19. Bxe4 Nb4 20. Bxb7 Qxb7 {
Timman,J (2594)-Ponomariov,R (2734)/Wijk aan Zee 2003/CBM 093/0-1}) 6... Nbd7
7. Qc2 Bd6 ({RR} 7... dxc4 8. Bxc4 b5 9. Bd3 c5 10. a4 b4 11. Ne4 Bb7 12. O-O
Rc8 13. Nxf6+ Qxf6 14. Qe2 Ra8 15. e4 cxd4 16. Bg5 Qg6 17. e5 Qh5 18. Be4 Bxe4
19. Qxe4 Rb8 20. Rac1 h6 21. Qxd4 hxg5 22. Rfd1 {Ivanisevic,I (2588)-Fressinet,
L (2625)/Cannes 2006/EXT 2007/1-0}) 8. Bd3 $146 {Ce coup naturel est une
nouveauté} ({RR} 8. g4 h6 9. Rg1 ({RR} 9. Bd2 dxc4 10. Bxc4 b5 11. Bd3 Bb7 12.
g5 hxg5 13. Nxg5 c5 14. Rg1 ({RR} 14. Bg6 O-O) 14... Qe7 15. Nce4 cxd4 16.
Nxd6+ Qxd6 17. Bg6 Ne5 ({RR} 17... O-O 18. Bxf7+ Rxf7 19. Nxf7 Kxf7 20. Qg6+
Ke7 21. Qxg7+ Ke8 22. exd4 Qxd4 23. Rd1 Qe4+ 24. Be3 Qb4+ 25. Rd2 Rc8 26. Qg6+
Ke7 27. Rg4 Bf3 28. Qg7+ {1/2-1/2 Nyback,T (2554)-Dautov,R (2623)/Mallorca
2004/CBM 104}) 18. Nxf7 ({RR} 18. Bxf7+ Ke7 ({RR} 18... Nxf7 19. Nxf7 Qh2 20.
Qg6) 19. exd4 Nf3+ 20. Nxf3 Bxf3 21. Bg6 Rac8 22. Qb3 Qh2 23. Bb4+ Kd7) 18...
Nxf7 19. Bxf7+ Kf8 20. Bg6 Rc8 ({RR} 20... Rxh3) 21. Qb3 Rc4 22. Bd3 dxe3 23.
Bxe3 Rc8 {Zvjaginsev,V (2658)-Burmakin,V (2534)/St Petersburg 1999/CBM 071/
[Huebner,R]/1/2-1/2}) 9... b5 10. g5 hxg5 11. Nxg5 Qe7 12. c5 Bc7 13. f4 Nf8
14. Bd3 Nh5 15. Bd2 Bd7 16. O-O-O O-O-O 17. a4 Kb7 18. Qb3 Qe8 19. Kc2 f6 20.
axb5 axb5 21. Nf3 e5 22. fxe5 fxe5 {Wells,P (2519)-Braun,A (2463)/Pulvermuehle
2005/CBM 104 ext/1-0}) 8... dxc4 $1 9. Bxc4 b5 10. Bd3 Bb7 11. e4 {[%cal Ge4e5]
} (11. a4 Rc8 12. O-O O-O 13. Qe2 Rc7 14. Rd1 b4 (14... Qa8 {[%cal Gf8c8,Gc6c5]
})) 11... e5 12. Be3 (12. O-O) 12... O-O 13. Rd1 exd4 14. Nxd4 c5 15. Nf5 {
[%csl Rg7][%cal Gf5d6,Gf5g7]} Be5 16. f4 Bxc3+ 17. Qxc3 {[%cal Gc3g7]} Qc7 18.
Bb1 $6 (18. O-O) 18... Rfe8 19. e5 Nd5 (19... Bxg2 $2 20. Rg1 {[%cal Gg1g7]})
20. Qc2 (20. Rxd5 $5 Bxd5 21. O-O $44 {[%cal Gf5g7]}) 20... g6 21. Nh6+ Kg7 22.
Ng4 h5 $2 (22... Nxe5 $1 23. fxe5 Nxe3 24. Nxe3 Qxe5 $19) 23. Rxd5 Bxd5 24. Nf2
Nxe5 $1 25. fxe5 Qxe5 $19 26. Nd1 Be4 27. Qf2 Bxb1 28. O-O Bf5 29. Bxc5 Rad8
30. Bb4 Qe2 31. Bc3+ Kg8 32. Qxe2 Rxe2 33. a3 Rd3 34. Nf2 Rxc3 35. bxc3 Ra2 36.
g4 hxg4 37. hxg4 Be6 38. Ne4 Rxa3 39. Rd1 Kf8 40. g5 a5 41. Rd8+ Ke7 42. Rb8
Bc4 43. Kf2 a4 44. Ke3 Ra1 45. Kd4 Rd1+ 46. Kc5 a3 47. Ra8 a2 48. Ra7+ Ke6 49.
Ra6+ Ke5 0-1

[Event "Sautron op 13th"]
[Site "Sautron"]
[Date "2013.10.28"]
[Round "4"]
[White "Avrukh, Boris"]
[Black "Koziak, Vitali"]
[Result "1/2-1/2"]
[WhiteElo "2576"]
[BlackElo "2481"]
[Annotator "RR"]
[PlyCount "95"]
[EventDate "2013.10.26"]
[EventType "swiss"]
[EventRounds "9"]
[EventCountry "FRA"]
[SourceTitle "EXT 2014"]
[Source "ChessBase"]
[SourceDate "2013.11.20"]
[SourceVersion "1"]
[SourceVersionDate "2013.11.20"]
[SourceQuality "1"]
[TimeControl "40/5400+30:1800+30"]
[WhiteClock "1:30:00"]
[BlackClock "1:30:00"]

1. d4 {[%emt 0:00:00]} d5 {[%emt 0:00:00]} 2. c4 {[%emt 0:00:00]} c6 {[%emt 0:
00:00]} 3. Nf3 {[%emt 0:00:00]} Nf6 {[%emt 0:00:00]} 4. Nc3 {[%emt 0:01:34]} a6
{[%emt 0:02:04]} (4... dxc4 {Le GMI ne traite que cette variante dans sa
monographie publiée en 2014}) 5. a4 {[%emt 0:01:54]} (5. e3 b5 6. c5 Bf5 7.
Ne5 Nfd7 8. Nxf7 Kxf7 9. Qf3 Ke6 10. g4 Bg6 (10... Bc2) 11. Bh3 {Bacrot,E 
(2705)-Draoui,N (2362) FRA-ch blitz 2009 (4) 1-0}) (5. c5 g6 6. h3 (6. Bf4)
6... Bg7 7. Bf4 O-O 8. e3 Bf5 9. Qb3 Qc8 10. Be2 Nbd7 11. O-O Ne4 12. Rac1 Re8
13. Na4 f6 {Tomashevsky,E (2722)-Yilmaz,M (2577) EU-chT (Men) 19th 2013 (2.1)
1/2} (13... e5 14. dxe5 Bf8 15. Nd4 Nexc5 16. Nxc5 Nxc5 17. Rxc5 Bxc5 18. Nxf5
gxf5 19. Bd3 Ba7 20. Qc2 $44 {Yilmaz inf119})) 5... e6 {[%emt 0:06:56]} 6. Bg5
{[%emt 0:00:10]} (6. g3 dxc4 7. Bg2 c5) (6. Bf4) 6... Nbd7 {[%emt 0:05:35]} 7.
e3 {[%emt 0:01:02]} (7. a5 Bb4 8. Qa4) 7... Qa5 $5 {[%emt 0:06:06][%cal Gf6e4,
Ge4g5,Gd5c4,Ga5e1] Rentre dans une position proche de la Cambridge Springs
mais avec les coups a4 et a6 en plus. Après Bb4, les Blancs n'auront plus
l'option a3 et cette transposition ne doit pas favoriser les Blancs} 8. Be2 {
[%emt 0:00:50] La préparation du GMI qui choisit une ligne secondaire} (8. Nd2
Bb4 9. Qc2 e5 10. Bh4 exd4 11. exd4 O-O 12. Be2 Re8 13. Nb3 Qc7 14. O-O Bd6 15.
Kh1 Ne4 16. Bd3 dxc4 17. Bxe4 cxb3 18. Bxh7+ Kh8 19. Qd3 Re6 20. Rae1 Nf8 21.
Be4 Rh6 22. Bg3 Bg4 23. Kg1 Ne6 24. Qc4 Bxg3 25. fxg3 Qb6 26. a5 Qxa5 27. h3
Qc7 28. hxg4 Qxg3 29. Qd3 Qh2+ 30. Kf2 Qh4+ 31. g3 Rf6+ 32. Kg2 Qxg4 33. Rxf6
gxf6 34. Ne2 Qg5 35. Qxb3 Kg7 36. Qxb7 Rd8 37. Qxc6 Qe3 {Laznicka,V (2666)
-Kamsky,G (2725) Rhodes 2013 1-0}) (8. cxd5 exd5) 8... Bb4 $146 {[%emt 0:10:22]
Visiblement les Noirs n'avaient pas préparé cette ligne Be2 et ils
commencent à réfléchir} (8... Ne4 9. O-O Nxg5 10. Nxg5 dxc4 11. Nge4 Nb6 12.
Nd2 Bb4 13. Bxc4 Bxc3 14. bxc3 Qxc3 15. Be2 O-O 16. a5 Nd5 17. Ne4 Qb4 18. Nc5
b6 19. Ra4 Qc3 20. axb6 Nxb6 21. Ra2 Nd5 22. Qa4 Rb8 23. Qxc6 Nb4 24. Qd6 Nxa2
25. Qxb8 Nb4 26. Qb6 Nd5 27. Qd6 a5 28. Bf3 Nb4 29. Qb6 e5 30. d5 Nd3 31. Nxd3
Qxd3 32. Qxa5 e4 33. Rd1 Qc2 34. Bh5 g6 35. d6 gxh5 36. Qg5+ Kh8 37. Qf6+ Kg8
38. Qg5+ {Bosiocic,M (2578)-Jovanic,O (2527) Rijeka 2009 1/2-1/2}) 9. O-O $1 {
[%emt 0:01:14]} Ne4 {[%emt 0:11:21] Après une longue réflexion, les Noirs
décident d'accepter le P sacrifié mais mais les Blancs ont des bonnes
compensations} (9... Bxc3 10. bxc3 Qxc3 11. a5 $44 {[%csl Rc3][%cal Gd1a4,
Gf1c1]} O-O $6 12. Qa4 {[%csl Rc3][%cal Gf1c1]} Ne4 13. Rfc1) 10. Bf4 {[%emt 0:
05:48]} Nxc3 {[%emt 0:05:51]} 11. bxc3 {[%emt 0:01:17]} Bxc3 {[%emt 0:01:17]}
12. Rb1 $44 {[%emt 0:10:53]} (12. Rc1 {[%cal Gd1b3]}) 12... Qd8 $6 {[%emt 0:00:
41][%cal Gc3a5,Ga5c7] Libère une case de repli pour le B mais au risque d'un
retard de développement} (12... O-O 13. Qc2) 13. Qc2 $32 {[%emt 0:18:54]} Ba5
{[%emt 0:01:29]} 14. e4 $1 {[%emt 0:00:18]} dxe4 {[%emt 0:13:33]} 15. Qxe4 {
[%emt 0:01:09]} Nf6 {[%emt 0:02:33]} 16. Qe3 {[%emt 0:02:15]} O-O {[%emt 0:02:
21]} 17. Bg5 $1 $44 {[%emt 0:07:03][%csl Rh7][%cal Ge2d3,Gf1d1] Le plan Qd8
Ba5 a aussi pour désavantage de rendre plus fort le clouage du Bg5} Bc7 {
[%emt 0:01:37]} 18. Ne5 {[%emt 0:04:25]} (18. Rfd1 {[%csl Rh7][%cal Gd1d8,
Gf3e5,Ge3h3,Ge2d3,Gg5f6]}) 18... Bd6 $1 {[%emt 0:01:00][%cal Gd6e7]
Reconnaissant que le Ba5 serait mieux placé en e7} 19. Bd3 $1 {[%emt 0:05:41]}
Be7 {[%emt 0:04:29]} 20. Qh3 {[%emt 0:01:05][%csl Rh7] Forçant un
affaibliisement non négligeable de l'aile-roi} g6 {[%emt 0:00:57]} 21. Qh4 {
[%emt 0:03:50][%cal Gh4d4,Gg5f6]} Re8 {[%emt 0:12:20]} 22. Qf4 {[%emt 0:01:08]}
(22. Rfd1 $14 {[%cal Gd1d4]}) 22... Rf8 {[%emt 0:01:04] Les Noirs sont proches
du zugzwang car ils sont incapables de terminer le développement de
l'aile-dame} 23. Bh6 {[%emt 0:02:11]} Nh5 {[%emt 0:00:23]} 24. Qe3 {[%emt 0:07:
54]} Ng7 {[%emt 0:00:38]} 25. Rfd1 {[%emt 0:01:05]} (25. c5 $5 {Le N g7 est
mal placé pour profiter de l'affaiblissement de la case "d5"} f6 26. Nc4 {
[%csl Re6]} Re8 27. Nb6 Rb8 28. Bf4 $40) 25... Re8 {[%emt 0:04:07]} 26. g4 $1 {
[%emt 0:02:04][%csl Gf5]} f6 {[%emt 0:00:09] (=)} 27. Nf3 {[%emt 0:00:18]} (27.
Nxg6 $5 hxg6 28. Bxg6 Rf8 29. Bf4 Qa5 30. c5 {Et les Noirs sont quasiment en
zugzwang!}) 27... Bf8 {[%emt 0:01:02]} 28. c5 $5 {[%emt 0:01:04]} Kh8 {[%emt 0:
01:28][%cal Ge6e5]} (28... e5 29. dxe5 Bxg4 30. Bc4+ Kh8 31. Rxd8) 29. Qf4 {
[%emt 0:04:40]} (29. h3 $142 {Semble plus naturel} e5 30. dxe5 {[%cal Ge3c5]})
29... e5 $1 {[%emt 0:02:46][%cal Gg7e6,Ge6f4,Gf8h6] un bon sacrifice de
dégagement} 30. dxe5 {[%emt 0:00:18]} Ne6 $132 {[%emt 0:00:13]} 31. Qc1 {
[%emt 0:00:32]} Nd4 {[%emt 0:00:38]} (31... Qd5 $5 {[%cal Gd5f3]}) 32. Nxd4 {
[%emt 0:08:13]} Qxd4 {[%emt 0:00:02]} 33. Be2 {[%emt 0:00:16]} Bxh6 {[%emt 0:
00:51]} (33... Qxe5) 34. Rxd4 {[%emt 0:05:28]} Bxc1 {[%emt 0:00:32]} 35. Rxc1 {
[%emt 0:00:02]} fxe5 {[%emt 0:00:05]} 36. Re4 {[%emt 0:00:11]} Be6 $11 {
[%emt 0:00:34]} 37. Rb1 {[%emt 0:00:49]} (37. Rxe5 $143 Bb3 {[%csl Ra4]}) 37...
a5 {[%emt 0:00:41]} 38. Rxe5 {[%emt 0:02:34]} Ba2 {[%emt 0:01:26]} 39. Rxe8+ {
[%emt 0:00:07]} Rxe8 {[%emt 0:00:02]} 40. Rb2 {[%emt 0:00:00]} Bd5 {[%emt 0:00:
00]} 41. Kf1 {[%emt 0:05:50]} Re7 {[%emt 0:10:34]} 42. g5 {[%emt 0:05:34]} h6 {
[%emt 0:02:29]} 43. h4 {[%emt 0:02:59]} hxg5 {[%emt 0:03:56]} 44. hxg5 {
[%emt 0:00:02]} Re5 {[%emt 0:01:17]} 45. Rxb7 {[%emt 0:03:00]} Rxg5 {[%emt 0:
00:18]} 46. f3 {[%emt 0:10:19]} Ba2 {[%emt 0:07:49]} 47. Bd3 {[%emt 0:01:40]}
Rxc5 {[%emt 0:00:29]} 48. Bxg6 {[%emt 0:00:14][%csl Rh8]} 1/2-1/2

[Event "Tbilisi FIDE GP"]
[Site "Tbilisi"]
[Date "2015.02.27"]
[Round "11"]
[White "Jobava, Baadur"]
[Black "Andreikin, Dmitry"]
[Result "1/2-1/2"]
[WhiteElo "2696"]
[BlackElo "2737"]
[Annotator "Ramirez Alvarez,A"]
[PlyCount "87"]
[EventDate "2015.02.15"]
[EventType "tourn"]
[EventRounds "11"]
[EventCountry "GEO"]
[EventCategory "20"]
[SourceTitle "CBM 165"]
[Source "ChessBase"]
[SourceDate "2015.03.11"]
[SourceVersion "1"]
[SourceVersionDate "2015.03.11"]
[SourceQuality "1"]

1. d4 d5 2. c4 c6 3. Nc3 Nf6 4. Nf3 a6 5. Bg5 dxc4 6. a4 h6 7. Bxf6 exf6 8. e3
b5 $1 {This type of exchange sacrifices have been known for some time. Black
secures his pawn on c4 and is able to give a very uncomfortable check on b4
while accelerating his development. One of the best games of this style was
Aronian-McShane from a few years ago in London.} 9. axb5 cxb5 10. Nxb5 axb5 11.
Rxa8 Bb7 12. Ra1 Bb4+ 13. Nd2 Qd6 {Black's superior development and powerful
bishops provide good compensation for the exchange. Usually White players
don't like getting into these type of situations. But since when does the norm
apply to Jobava?} 14. f3 O-O 15. Kf2 f5 16. g3 Bxd2 $6 {This very tempting
move might not be as strong as simply developing.} (16... Re8 17. Bg2 g5 {
threatening to crash through with f4. Way riskier than the game continuation,
but maybe also stronger.}) 17. Qxd2 Bxf3 18. Kxf3 (18. Bg2 Bxg2 19. Kxg2 Qd5+
20. Kf2 Nd7 {looks a bit more pleasant for Black since his knight is headed to
e4, but White should be ok.}) 18... Qd5+ 19. Kf2 Qxh1 20. Qa5 {Black recovered
his pawn but it is now White that is better developed. For now the threat is
Bg2 and trap the queen with Rh1. Also, b5 is weak.} Nc6 (20... Qd5 21. Bg2 Qd7
22. Qb6 $14) 21. Bg2 Qxg2+ 22. Kxg2 Nxa5 23. Rxa5 {Black is up a pawn, but
with White's very active rook and well placed king he will have no problems
holding.} Rb8 24. Kf3 b4 25. Ke2 g6 26. Kd2 Rc8 27. Rb5 c3+ 28. bxc3 bxc3+ 29.
Kc2 Kf8 30. Rc5 Ra8 (30... Rxc5 31. dxc5 Ke7 32. Kxc3 Kd7 33. Kd4 {leads to a
white win with the known properties of the outside passed pawn.}) 31. Kb3 Ra1
32. Rxc3 Rh1 33. Rc2 Re1 34. Kc4 Rxe3 35. Kc5 g5 36. d5 f4 37. gxf4 gxf4 38.
Kd4 Ke7 39. Rf2 Rh3 40. Ke4 f3 41. Rxf3 Rxh2 42. d6+ Ke6 43. d7 Rd2 44. Rh3
1/2-1/2